01437nam a22001817a 4500008004100000040001800041041000800059100003800067245007300105260006500178300002400243490003300267505083400300600005601134650002401190650001601214650002501230130821s1972 xxu gr eng  aCo-BoUCMbspa00aeng1 aFrankfurt, Harry G.d1929-ecomp.00aLeibniz a collection of critical essaysceditor Harry G. Frankfurt. aGarden city (Nueva York, Estados Unidos)bAnchor Booksc1972 aviii, 425 páginas0 aModern studies in philosophy0 aLeibniz's predicate-in-notion principle and some of its alleged consequences, by C. D. Broad.--On Leibniz's metaphysics, by L. Couturat.--Philosophical reflections of Leibniz on law, politics, and the state, by C. J. Friedrich.--The root of contingency, by E. M. Curley.--Monadology, by M. Furth.--Individual substance, by I. Hacking.--Leibniz on plenitude, relations, and the "reign of the law," by J. Hintikka.--Leibniz's theory of the ideality of relations, by H. Ishiguro.--Leibniz and Spinoza on activity, by M. Kneale.--Leibniz and Newton, by A. Koyré.--Plenitude and sufficient reason in Leibniz and Spinoza, by A. O. Lovejoy.--Leibniz on possible worlds, by B. Mates.--Recent work on the philosophy of Leibniz, by B. Russell.--On Leibniz's explication of "necessary truth," by M. D. Wilson.--Bibliography (p. [421]-425)10aLeibniz, Gottfried WilhelmcFreiherr vond1646-171604aFilosofía moderna04aFilosofía04aFilósofos alemanes